000 00632nam a22001815i 4500
001 157244
003 ES-MaACL
005 20230906210629.0
008 040812q18451900sp |||| | spa d
040 _aCAM
_bspa
_cCAM
100 1 _aLaugel, Auguste.
_9128735
245 1 4 _aLos problemas de la naturaleza /
_cAugusto Laugel ; traducción de Eusebio Heras.
260 _aValencia :
_bF. Sempere y Cª,
_c[s.a.] (
_fImprenta de El Pueblo)
300 _a198 p. ;
_c19 cm.
596 _aImpreso ca. 1880-1910.
700 1 _aHeras Hernández, Eusebio.
_962647
852 _aES-MaACL
_jD-885
_z-- Sin enc.
_z-- Legado de M. de la Fuente
999 _c157244
_d157244